000 00376nam a2200169Ia 4500
001 18404
003 IN-NITTTR
005 20251114233214.0
008 251113s9999||||xx |||||||||||||| ||eng||
040 _beng
040 _cIN-NITTTR
041 _aeng
082 _a823 R553C
100 _aRobbins, Harold
245 0 _aCarpetbaggers. /
_cRobbins, Harold
942 _2ddc
_cBK
999 _c21038
_d21038